Foundaiton Accounting (Record no. 7899)

MARC details
000 -LEADER
fixed length control field 00412nam a2200157 4500
020 ## - INTERNATIONAL STANDARD BOOK NUMBER
ISBN 1858052114
050 ## - CALL NUMBER
Classification number HF5635
100 ## - AUTHOR
Personal name Millichamp, A. H.
245 ## - TITLE
Title Foundaiton Accounting
Remainder of title An instructional Manual for Accounting Students
Statement of responsibility, etc by A. H. Millichamp
250 ## - EDITION
Edition statement 4th
260 ## - PUBLICATION INFORMATION
Place of publication UK
Name of publisher DP Publications
Year of publication 1995
300 ## - DESCRIPTION
Number of Pages vi, 378 pp
500 ## - NOTES
General note includes index
650 ## - SUBJECTS
Topical Term accounting
942 ## - ADDED ENTRY ELEMENTS (KOHA)
Koha item type Books
Holdings
Withdrawn status Lost status Home library Current library Date acquired Full call number Accession Number Koha item type
    Methodist University Library Wenchi Faculty Methodist University Library Wenchi Faculty 18/10/2021 HF5635 7136 Books
Copyright © 2026  MUG Library